| 000 | 003780000a22001690004500 | ||
|---|---|---|---|
| 020 | _a0521203384 | ||
| 060 | _a100 | ||
| 082 | _a301 GOL | ||
| 100 | _aGoldthorpe, J.E. | ||
| 245 | _aIntroduction to sociology | ||
| 250 | _a2 | ||
| 260 | _aLondon, Cambridge University Press | ||
| 260 | _c1968 | ||
| 300 | _a222 | ||
| 650 | _aSociology/ social institution | ||
| 942 | _cBK | ||
| 999 |
_c361550 _d361550 |
||